000 00482nam a2200181Ia 4500
005 20250603145219.0
008 250603s9999 xx 000 0 und d
020 _a9789785144543
050 _aJS 7656.2.A2 .F38/
100 _aFatile, Jacob
245 0 _aIssues in public administration and local government : the comparative perspective
260 _aLagos
260 _bConcept Publications Limited
260 _c2013
300 _a261 p
650 _aLagos
942 _cBK
999 _c41208
_d41208